[Event "GEO-ch 1st League 2021"]
[Site "Tbilisi"]
[Date "2021.03.31"]
[Round "3.10"]
[White "Darsadze, Nikoloz"]
[Black "Mindiashvili, Tengiz"]
[Result "0-1"]
[WhiteElo "1694"]
[BlackElo "1923"]
[Annotator "NA"]
[PlyCount "48"]
[EventDate "2021.03.29"]
[EventType "swiss"]
[EventCountry "GEO"]
[SourceTitle "playchess.com"]
[Source "ChessBase"]
[SourceQuality "1"]
[TimeControl "5400+30"]

1. d4 {[%emt 0:00:00]} Nf6 {[%emt 0:00:00]} 2. Nf3 {[%emt 0:00:10]} e6 {[%emt 0:00:11]} 3. Bf4 {[%emt 0:00:05]} d5 {[%emt 0:00:52]} 4. e3 {[%emt 0:00:10]} Bd6 {[%emt 0:00:24]} 5. Nbd2 {[%emt 0:00:05]} c5 {[%emt 0:00:29]} 6. dxc5 {[%emt 0:00:54]} Bxc5 {[%emt 0:00:16]} 7. c4 {[%emt 0:02:48]} O-O {[%emt 0:00:29]} 8. Rc1 {[%emt 0:05:34]} d4 {[%emt 0:04:25]} 9. exd4 {[%emt 0:12:58]} Bxd4 {[%emt 0:00:04]} 10. Qc2 {[%emt 0:00:34]} e5 {[%emt 0:03:33]} 11. Bg5 {[%emt 0:02:10]} Nc6 {[%emt 0:03:09]} 12. a3 {[%emt 0:01:05]} h6 {[%emt 0:05:18]} 13. Bxf6 {[%emt 0:04:45]} Qxf6 {[%emt 0:00:04]} 14. Bd3 {[%emt 0:00:11]} Bb6 {[%emt 0:08:37]} 15. O-O {[%emt 0:01:04]} Qf4 {[%emt 0:03:13]} (15... Qe7 $15) 16. Be4 {[%emt 0:05:50]} Be6 {[%emt 0:04:21]} 17. b4 {[%emt 0:01:37]} Rad8 {[%emt 0:00:19]} 18. Rcd1 {[%emt 0:10:51]} Rd7 {[%emt 0:12:17]} 19. Bxc6 {[%emt 0:12:44]} (19. Nb3 $14) 19... bxc6 {[%emt 0:00:14]} 20. Rfe1 {[%emt 0:16:04]} Bf5 {[%emt 0:12:21]} 21. Qa2 $19 {[%emt 0:05:32]} (21. Qc1 $1 $15 f6 22. c5) 21... e4 {[%emt 0:03:40]} 22. g3 {[%emt 0:02:51]} Rxd2 {[%emt 0:00:12]} 23. Rxd2 {[%emt 0:06:32]} Qxf3 {[%emt 0:00:16]} 24. c5 {[%emt 0:00:59]} Bh3 {[%emt 0:00:14]} 0-1

[Event "GEO-ch 1st League 2021"]
[Site "Tbilisi"]
[Date "2021.03.31"]
[Round "3.11"]
[White "Adamia, Jaba"]
[Black "Kitesashvili, Giorgi"]
[Result "1-0"]
[WhiteElo "1899"]
[BlackElo "1749"]
[Annotator "NA"]
[PlyCount "104"]
[EventDate "2021.03.29"]
[EventType "swiss"]
[EventCountry "GEO"]
[SourceTitle "playchess.com"]
[Source "ChessBase"]
[SourceQuality "1"]
[TimeControl "5400+30"]

1. d4 {[%emt 0:00:00]} Nf6 {[%emt 0:00:00]} 2. c4 {[%emt 0:00:00]} e5 {[%emt 0:00:35]} 3. dxe5 {[%emt 0:00:09]} Ng4 {[%emt 0:00:07]} 4. Bf4 {[%emt 0:00:10]} Nc6 {[%emt 0:00:28]} 5. Nf3 {[%emt 0:00:15]} Bb4+ {[%emt 0:00:19]} 6. Nc3 {[%emt 0:01:31]} Qe7 {[%emt 0:02:31]} 7. Qd5 {[%emt 0:03:24]} Bxc3+ {[%emt 0:00:17]} 8. bxc3 {[%emt 0:00:05]} f6 {[%emt 0:00:14]} 9. exf6 {[%emt 0:02:12]} Nxf6 {[%emt 0:00:02]} 10. Qd3 {[%emt 0:10:15]} d6 {[%emt 0:00:48]} 11. e3 {[%emt 0:01:02]} Ne4 {[%emt 0:01:04]} 12. Nd4 {[%emt 0:02:45]} O-O {[%emt 0:01:39]} 13. Be2 {[%emt 0:05:06]} Nxf2 {[%emt 0:07:21]} 14. Kxf2 {[%emt 0:00:11]} Ne5 {[%emt 0:01:21]} 15. Qd1 {[%emt 0:01:00]} g5 {[%emt 0:03:13]} 16. g3 {[%emt 0:04:11]} gxf4 {[%emt 0:05:10]} 17. exf4 {[%emt 0:00:24]} Bh3 {[%emt 0:08:38]} 18. Re1 {[%emt 0:02:53]} Qg7 {[%emt 0:03:08]} 19. Bf3 {[%emt 0:06:29]} Nxf3 {[%emt 0:10:02]} 20. Qxf3 {[%emt 0:00:26]} c6 {[%emt 0:14:49]} 21. Ne6 {[%emt 0:02:29]} Bxe6 {[%emt 0:01:26]} 22. Rxe6 {[%emt 0:00:07]} Rf6 {[%emt 0:03:27]} 23. Re2 {[%emt 0:07:47]} Raf8 {[%emt 0:01:00]} 24. Rae1 {[%emt 0:03:01]} Qg6 $18 {[%emt 0:06:00]} 25. Re4 {[%emt 0:01:50]} Qf5 {[%emt 0:05:05]} 26. R1e2 {[%emt 0:09:26]} a5 {[%emt 0:01:32]} 27. Kg2 {[%emt 0:01:35]} Rg6 {[%emt 0:00:51]} 28. Qe3 {[%emt 0:04:20]} h5 {[%emt 0:04:26]} 29. Re8 {[%emt 0:06:23]} Qf7 {[%emt 0:06:18]} 30. Rxf8+ {[%emt 0:08:18]} Kxf8 {[%emt 0:00:19]} 31. f5 {[%emt 0:06:15]} Rf6 {[%emt 0:01:26]} 32. Qg5 {[%emt 0:00:13]} d5 {[%emt 0:04:02]} 33. c5 {[%emt 0:02:19]} d4 {[%emt 0:00:33]} 34. cxd4 {[%emt 0:01:38]} Qd5+ {[%emt 0:00:13]} 35. Kh3 {[%emt 0:00:12]} Qxf5+ {[%emt 0:00:57]} 36. Qxf5 {[%emt 0:00:06]} Rxf5 {[%emt 0:00:07]} 37. Rb2 {[%emt 0:00:14]} Rd5 {[%emt 0:02:13]} 38. Rxb7 {[%emt 0:00:10]} Rxd4 {[%emt 0:00:12]} 39. Rb6 {[%emt 0:00:18]} Ra4 {[%emt 0:00:30]} 40. Rxc6 {[%emt 0:00:23]} Rxa2 {[%emt 0:00:04]} 41. Rh6 {[%emt 0:02:09]} a4 {[%emt 0:01:05]} 42. Rxh5 {[%emt 0:00:21]} a3 {[%emt 0:00:22]} 43. c6 {[%emt 0:00:54]} Ke7 {[%emt 0:00:13]} 44. c7 {[%emt 0:00:19]} Kd7 {[%emt 0:00:01]} 45. Rc5 {[%emt 0:00:07]} Kc8 {[%emt 0:08:22]} 46. Rc3 {[%emt 0:00:22]} Ra1 {[%emt 0:00:00]} 47. g4 {[%emt 0:00:23]} a2 {[%emt 0:00:00]} 48. Rc2 {[%emt 0:00:06]} Rd1 {[%emt 0:00:00]} 49. Rxa2 {[%emt 0:00:04]} Kxc7 {[%emt 0:00:00]} 50. Re2 {[%emt 0:00:03]} Kd6 {[%emt 0:00:00]} 51. Kh4 {[%emt 0:00:08]} Rd4 {[%emt 0:00:00]} 52. Kh5 {[%emt 0:00:04]} Kd5 {[%emt 0:03:30]} 1-0

[Event "GEO-ch 1st League 2021"]
[Site "Tbilisi"]
[Date "2021.03.31"]
[Round "3.12"]
[White "Kachkachishvili, Lasha"]
[Black "Esadze, Tamari"]
[Result "0-1"]
[WhiteElo "1681"]
[BlackElo "1889"]
[Annotator "NA"]
[PlyCount "96"]
[EventDate "2021.03.29"]
[EventType "swiss"]
[EventCountry "GEO"]
[SourceTitle "playchess.com"]
[Source "ChessBase"]
[SourceQuality "1"]
[TimeControl "5400+30"]

1. e4 {[%emt 0:00:00]} c5 {[%emt 0:00:00]} 2. Nf3 {[%emt 0:00:03]} d6 {[%emt 0:00:00]} 3. c3 {[%emt 0:00:07]} Nf6 {[%emt 0:00:06]} 4. Qc2 {[%emt 0:00:07]} Qc7 {[%emt 0:01:05]} 5. Bc4 {[%emt 0:03:58]} e6 {[%emt 0:01:23]} 6. d4 {[%emt 0:00:16]} cxd4 {[%emt 0:02:36]} 7. cxd4 {[%emt 0:00:20]} Bd7 {[%emt 0:00:40]} 8. O-O {[%emt 0:07:12]} Be7 {[%emt 0:10:04]} 9. Bf4 {[%emt 0:04:02]} Nh5 {[%emt 0:04:30]} 10. Be3 {[%emt 0:01:33]} O-O {[%emt 0:02:32]} 11. Qd3 {[%emt 0:02:46]} Nc6 {[%emt 0:09:43]} 12. Rc1 {[%emt 0:03:23]} Qd8 {[%emt 0:02:24]} 13. Nc3 {[%emt 0:12:36]} Rc8 {[%emt 0:03:30]} 14. a3 {[%emt 0:02:31]} Nf6 {[%emt 0:10:04]} 15. h3 {[%emt 0:02:54]} h6 {[%emt 0:04:28]} 16. Ba2 {[%emt 0:01:16]} Nh7 {[%emt 0:07:56]} 17. d5 {[%emt 0:05:13]} Ne5 {[%emt 0:03:55]} 18. Nxe5 {[%emt 0:00:06]} dxe5 $16 {[%emt 0:00:01]} 19. Bxa7 {[%emt 0:16:12]} b6 {[%emt 0:16:03]} 20. dxe6 {[%emt 0:03:01]} Bxe6 {[%emt 0:00:12]} 21. Qxd8 {[%emt 0:04:18]} Bxd8 {[%emt 0:00:03]} 22. Bxe6 {[%emt 0:01:06]} fxe6 {[%emt 0:00:02]} 23. Nb5 {[%emt 0:00:11]} Bg5 {[%emt 0:01:36]} 24. Rc3 {[%emt 0:05:02]} Nf6 {[%emt 0:05:04]} 25. f3 {[%emt 0:24:17]} Rxc3 {[%emt 0:14:33]} 26. bxc3 {[%emt 0:00:30]} Be3+ {[%emt 0:00:30]} 27. Kf1 {[%emt 0:00:30]} Bc5 {[%emt 0:00:30]} 28. Ke2 {[%emt 0:00:30]} Nh5 {[%emt 0:00:30]} 29. Rd1 {[%emt 0:00:30]} Nf4+ {[%emt 0:00:30]} 30. Kf1 {[%emt 0:00:30]} Kh7 {[%emt 0:00:00]} 31. a4 {[%emt 0:00:00]} Rc8 {[%emt 0:00:00]} 32. Rd7 {[%emt 0:00:00]} Nh5 {[%emt 0:00:00]} 33. h4 {[%emt 0:00:00]} Ng3+ {[%emt 0:01:00]} 34. Ke1 {[%emt 0:00:00]} Nh5 {[%emt 0:00:06]} 35. Kd2 {[%emt 0:00:00]} Nf4 {[%emt 0:01:04]} 36. g3 {[%emt 0:00:00]} Nh5 {[%emt 0:00:48]} 37. g4 {[%emt 0:00:00]} Nf4 {[%emt 0:00:02]} 38. Nc7 {[%emt 0:00:00]} Ng6 {[%emt 0:00:53]} 39. Nxe6 {[%emt 0:00:00]} Nxh4 {[%emt 0:00:03]} 40. Ke2 {[%emt 0:00:00]} Kg6 {[%emt 0:00:47]} 41. Nxg7 {[%emt 0:00:00]} Bg1 {[%emt 0:00:25]} 42. Nh5 {[%emt 0:00:00]} Kg5 {[%emt 0:00:27]} 43. a5 {[%emt 0:00:00]} Rxc3 {[%emt 0:00:51]} 44. axb6 {[%emt 0:00:00]} Nxf3 {[%emt 0:00:29]} 45. Rg7+ {[%emt 0:00:00]} Kh4 {[%emt 0:00:03]} 46. Nf6 {[%emt 0:00:00]} Rb3 {[%emt 0:00:57]} 47. Rg6 {[%emt 0:00:00]} Nd4+ {[%emt 0:00:16]} 48. Kd1 {[%emt 0:01:21]} Be3 {[%emt 0:00:11]} 0-1

[Event "GEO-ch 1st League 2021"]
[Site "Tbilisi"]
[Date "2021.04.01"]
[Round "4.1"]
[White "Akhvlediani, Irakli"]
[Black "Morchiashvili, Bachana"]
[Result "0-1"]
[WhiteElo "2355"]
[BlackElo "2313"]
[Annotator "RC"]
[PlyCount "92"]
[EventDate "2021.03.29"]
[EventType "swiss"]
[EventCountry "GEO"]
[SourceTitle "playchess.com"]
[Source "ChessBase"]
[SourceQuality "1"]
[TimeControl "5400+30"]

1. d4 {[%emt 0:02:45]} Nf6 {[%emt 0:00:00]} 2. c4 {[%emt 0:00:05]} g6 {[%emt 0:00:00]} 3. Nf3 {[%emt 0:00:04]} Bg7 {[%emt 0:00:00]} 4. Nc3 {[%emt 0:00:08]} O-O {[%emt 0:00:03]} 5. e4 {[%emt 0:00:02]} d6 {[%emt 0:00:09]} 6. h3 {[%emt 0:00:04]} e5 {[%emt 0:00:26]} 7. d5 {[%emt 0:00:04]} Nh5 {[%emt 0:00:42]} 8. g3 {[%emt 0:00:06]} f5 {[%emt 0:00:09]} 9. exf5 {[%emt 0:00:06]} gxf5 {[%emt 0:00:08]} 10. Nh4 {[%emt 0:00:02]} Qe8 {[%emt 0:01:14]} 11. Be2 {[%emt 0:08:15]} Nf6 {[%emt 0:01:18]} 12. Bg5 {[%emt 0:03:13]} Na6 {[%emt 0:00:22]} 13. Qc2 {[%emt 0:00:02]} Nb4 {[%emt 0:00:13]} 14. Qb3 {[%emt 0:01:04]} a5 {[%emt 0:00:03]} 15. a3 {[%emt 0:00:15]} Na6 {[%emt 0:00:03]} 16. Qc2 {[%emt 0:00:08]} Bd7 {[%emt 0:00:09]} 17. O-O-O {[%emt 0:06:35]} Nc5 {[%emt 0:01:05]} 18. Be3 {[%emt 0:10:25]} Nfe4 {[%emt 0:02:09]} 19. Nb5 {[%emt 0:24:21]} Qe7 {[%emt 0:09:15]} 20. Bd3 {[%emt 0:06:55]} c6 {[%emt 0:32:55]} 21. dxc6 {[%emt 0:06:51]} Bxc6 {[%emt 0:01:19]} 22. Rhg1 {[%emt 0:01:59]} Nxd3+ {[%emt 0:18:13]} 23. Qxd3 {[%emt 0:00:01]} f4 {[%emt 0:01:23]} 24. gxf4 {[%emt 0:09:28]} Qxh4 {[%emt 0:01:01]} 25. Rg4 {[%emt 0:00:08]} Qe7 {[%emt 0:11:19]} 26. Rdg1 {[%emt 0:00:04]} Rf7 {[%emt 0:00:36]} 27. fxe5 {[%emt 0:05:53]} dxe5 {[%emt 0:06:08]} 28. Rxe4 {[%emt 0:01:11]} Rd8 {[%emt 0:00:25]} 29. Qc2 {[%emt 0:00:11]} Bxe4 {[%emt 0:00:47]} 30. Qxe4 {[%emt 0:00:01]} Kh8 {[%emt 0:00:52]} 31. c5 {[%emt 0:01:42]} Bf6 {[%emt 0:03:38]} 32. Nd6 {[%emt 0:00:35]} Rg7 {[%emt 0:01:20]} 33. Rxg7 {[%emt 0:00:24]} Qxg7 {[%emt 0:00:48]} 34. Qxb7 {[%emt 0:01:12]} Be7 {[%emt 0:02:57]} 35. Qc7 {[%emt 0:04:29]} a4 {[%emt 0:01:20]} 36. Kc2 {[%emt 0:02:27]} Qg6+ {[%emt 0:00:23]} 37. Kd2 {[%emt 0:03:57]} Qe6 {[%emt 0:00:28]} 38. Ke2 {[%emt 0:00:04]} Rf8 {[%emt 0:03:11]} 39. Bh6 {[%emt 0:02:44]} Qxh6 {[%emt 0:00:36]} 40. Qxe7 {[%emt 0:00:02]} Qf4 {[%emt 0:00:08]} 41. Kd1 {[%emt 0:01:11]} Qf3+ {[%emt 0:00:33]} 42. Kc2 {[%emt 0:01:13]} Qxf2+ {[%emt 0:00:21]} 43. Kb1 {[%emt 0:00:02]} Qg1+ {[%emt 0:00:07]} 44. Ka2 {[%emt 0:00:07]} Qg8+ {[%emt 0:00:05]} 45. Kb1 {[%emt 0:00:22]} Rf1+ {[%emt 0:00:11]} 46. Kc2 {[%emt 0:00:02]} Qb3+ {[%emt 0:00:13]} 0-1

[Event "GEO-ch 1st League 2021"]
[Site "Tbilisi"]
[Date "2021.04.01"]
[Round "4.3"]
[White "Azaladze, Shota"]
[Black "Lomsadze, Davit"]
[Result "1-0"]
[WhiteElo "2439"]
[BlackElo "2303"]
[Annotator "TA"]
[PlyCount "105"]
[EventDate "2021.03.29"]
[EventType "swiss"]
[EventCountry "GEO"]
[SourceTitle "playchess.com"]
[Source "ChessBase"]
[SourceQuality "1"]

{[%evp 12,105,27,25,39,47,39,37,40,40,36,8,33,16,31,0,6,1,7,0,32,36,47,41,38,41,38,12,20,17,24,8,44,41,77,-15,-15,-19,0,0,0,0,0,0,0,0,9,8,8,2,16,14,19,9,14,5,10,8,54,40,51,52,63,35,52,52,55,26,74,67,67,82,140,93,335,321,318,281,247,211,320,320,602,0,0,0,0,0,29981,29982,29982,29983,29982,29982,29989,29990]} 1. Nf3 Nf6 2. g3 b5 3. Bg2 Bb7 4. O-O e6 5. b3 Be7 6. c4 bxc4 7. bxc4 O-O {A05: Réti Opening: 1 Nf3 Nf6.} 8. Nc3 c5 9. Rb1 Bc6 {White is slightly better.} 10. d3 d6 11. Bf4 Nbd7 12. Nb5 {[#]} a6 $146 ({Predecessor:} 12... Ne8 13. Qc2 a6 14. Nc3 Rc8 15. Rb3 d5 16. Ra3 d4 17. Nd1 Ra8 18. Nb2 f6 {1-0 (37) Gyorkos,L (2425)-Vajda,A (2385) Zalakaros 1997}) 13. Nc3 (13. Nxd6 $5 {[%cal Rd6b7]} e5 14. Nxe5 Nxe5 15. Nb7 Bxb7 16. Bxb7 $14) 13... Qa5 14. Bd2 Qc7 15. Qc1 d5 16. Bf4 Bd6 17. cxd5 exd5 18. d4 c4 19. e3 Rab8 {[#]} 20. Qa3 $1 Bxa3 (20... Ne4 21. Bxd6) 21. Bxc7 Rb2 22. Ne5 Bb5 23. Nxd7 (23. Nxd5 Nxd5 24. Rxb2 (24. Bxd5 $2 c3 $19) 24... Bxb2 $17) (23. Nxb5 Rxb5 24. Nxd7 Nxd7 $11) ({Better is} 23. Ba5 $16) 23... Bxd7 $11 24. Ba5 (24. Nxd5 Nxd5 25. Rxb2 (25. Bxd5 c3 $17) 25... Bxb2 $17) 24... Rfb8 25. Rxb2 Rxb2 26. Rb1 (26. Nxd5 $2 Nxd5 27. Bxd5 Rb5 $17) 26... Rxb1+ 27. Nxb1 Bb2 28. f3 Bf5 29. Nc3 Bxc3 30. Bxc3 {[%mdl 4096] Endgame KBB-KBN} Kf8 31. Kf2 Ke7 32. Ke1 Kd6 33. Kd2 h5 34. Bb4+ Kc6 35. Be7 Ne8 36. e4 Be6 37. Kc3 Nc7 38. a4 {[%cal Ba2a4,Ba4a5][%mdl 32]} f5 39. Bd8 (39. Kb4 {with more complications.} Kb6 40. Bc5+ Kc6 41. Bf8 g6 42. Bh6) 39... Kd7 40. Bxc7 Kxc7 $16 {KB-KB} 41. a5 Kc6 {[#]} 42. Kb4 $1 g5 $2 (42... c3 $16 {might work better.} 43. Kxc3 Kb5) 43. exd5+ Bxd5 44. Bf1 Bxf3 45. Bxc4 f4 {[#]} (45... g4 $142 46. Bxa6 f4) 46. gxf4 $1 $18 ({Worse is} 46. Bxa6 fxg3 47. Bb5+ (47. hxg3 Bg2 $11) 47... Kb7 $11) 46... g4 (46... gxf4 47. Kc3 (47. Bxa6 Bg2 $11) 47... Bg2) 47. Bxa6 $2 ({White must play} 47. f5 $18 Bd5 48. Be2 (48. Bxa6 h4 $11)) 47... h4 $11 48. Bf1 Kd5 49. f5 {aiming for a6.} Kxd4 $2 {[%mdl 8192]} (49... h3 $11 50. Bxh3 gxh3) 50. f6 {White mates.} Bd5 51. a6 Ke5 52. Kc5 Ke6 53. f7 {Weighted Error Value: White=0.16/Black=0.46} 1-0

[Event "GEO-ch 1st League 2021"]
[Site "Tbilisi"]
[Date "2021.04.01"]
[Round "4.4"]
[White "Petriashvili, Nikoloz"]
[Black "Tutisani, Noe"]
[Result "1-0"]
[WhiteElo "2425"]
[BlackElo "2427"]
[Annotator "TA"]
[PlyCount "81"]
[EventDate "2021.03.29"]
[EventType "swiss"]
[EventCountry "GEO"]
[SourceTitle "playchess.com"]
[Source "ChessBase"]
[SourceQuality "1"]

{[%evp 9,81,1,37,33,55,37,48,55,101,31,43,-37,-8,-18,-18,-18,-18,-18,-18,-11,-22,-18,-19,-16,-12,-20,-10,-9,-5,-16,-11,-8,-10,-12,0,-15,-10,-50,-50,-53,-52,-63,0,-21,0,0,106,107,171,170,181,181,185,95,185,185,185,190,187,0,9,0,0,2,1634,1441,29984,29985,29985,29976,29976,29975,29961,5620]} 1. d4 d5 2. c4 dxc4 3. Nf3 c6 4. e4 b5 5. b3 {[#]} e5 $146 ({Predecessor:} 5... cxb3 6. Qxb3 Be6 7. d5 Bd7 8. dxc6 Nxc6 9. Qxb5 Nd4 10. Qd3 Nxf3+ {0-1 (10) Merrifield,P-Ricketts,M (1817) ICCF email 2018}) 6. bxc4 {D11: Slav Defence: 3 Nf3 sidelines and 3...Nf6 4 e3 Bg4.} Nf6 7. cxb5 Nxe4 8. Bd3 {White is slightly better.} Bb4+ 9. Kf1 (9. Bd2 $16 Nxd2 10. Nbxd2) 9... Nf6 $14 10. Qa4 {[#]} (10. dxe5 $14 Bf5 11. Ke2 (11. exf6 Qxd3+ 12. Qe2+ Qxe2+ 13. Kxe2 O-O $11) 11... Bxd3+ 12. Qxd3 Qxd3+ 13. Kxd3) 10... O-O $1 11. Qxb4 (11. Bg5 Qa5) 11... e4 12. Be2 exf3 13. Bxf3 Bg4 14. Bxg4 Nxg4 15. h3 Nf6 16. Nc3 cxb5 17. Bg5 Na6 18. Qxb5 Qxd4 19. Qxa6 Ne4 {[%csl Ge4][%cal Rd4f2]} 20. Be3 Qxc3 21. Rc1 Qe5 {Strongly threatening ...Ng3+!} 22. Kg1 Rfe8 23. a4 Nc3 24. h4 Rac8 {And now ...Ne2+! would win.} 25. Re1 f5 ({Better is} 25... Qd5 $15) 26. g3 Nd5 {next ...f4 is good for Black.} 27. Kh2 Nf6 (27... f4 $11 28. Bxf4 Qf5 29. Rxe8+ Rxe8) 28. Bxa7 $16 {[%mdl 64] Discovered Attack} Ng4+ (28... Ne4 $16 {might work better.}) 29. Kh3 $18 Qd5 30. Qb5 Qf7 31. Bb6 (31. Rxe8+ $1 $18 Rxe8 32. Rb1 $1) 31... h5 (31... Rf8 $16 {was worth a try.}) 32. Rxe8+ $1 Rxe8 {[#]} 33. Rd1 $1 Re5 {[#]} 34. Qd7 (34. Qc6 $1 $18) 34... Qb3 $1 $132 {[%cal Rb3b6][%mdl 2048] Black is fighting back} 35. a5 {Threatens to win with Rc1.} Qf3 $1 36. a6 {aiming for a7.} Nxf2+ $2 {[%mdl 8192] A mistake that costs the game.} (36... Re4 $11 37. Qd8+ (37. a7 {is a self mate.} Nxf2+ {[%mdl 64] Double Attack} 38. Kh2 Ng4+ 39. Kh3 Re2 40. Qe6+ Rxe6 41. Ra1 Re2 42. a8=Q+ Kh7 43. Qh8+ Kxh8 44. Bf2 Nxf2+ 45. Kh2 Ng4+ {[%mdl 64] Discovered Attack (Double check)} 46. Kh3 Rh2#) 37... Kh7) 37. Bxf2 $18 Qxf2 38. a7 {White mates.} Qf3 {[#]} 39. Qd5+ $3 {[%mdl 576] Decoy, Promotion} Rxd5 40. a8=Q+ {[%mdl 64] Double Attack} Kh7 41. Qxd5 {Weighted Error Value: White=0.22/Black=0.33} 1-0

[Event "GEO-ch 1st League 2021"]
[Site "Tbilisi"]
[Date "2021.04.01"]
[Round "4.5"]
[White "Volkov, Nika"]
[Black "Arabidze, Meri"]
[Result "0-1"]
[WhiteElo "2084"]
[BlackElo "2437"]
[Annotator "TA"]
[PlyCount "104"]
[EventDate "2021.03.29"]
[EventType "swiss"]
[EventCountry "GEO"]
[SourceTitle "playchess.com"]
[Source "ChessBase"]
[SourceQuality "1"]

{[%evp 21,104,18,17,0,0,-10,-22,-29,-16,-14,0,-35,-37,-24,-24,-41,-29,-89,-75,-185,-189,-193,-87,-226,-206,-207,-221,-225,-222,-213,-198,-175,-134,-162,-166,-288,-130,-126,-108,-112,-110,-109,-101,-112,-106,-138,-152,-135,-131,-150,-127,-125,-126,-237,-243,-199,-228,-195,-217,-239,-220,-222,-225,-213,-77,-512,-497,-1320,-1358,-1327,-1306,-1215,-1181,-1669,-1622,-1464,-1220,-1639,-1491,-29978,-29960,-29941,-5206,-29972,-29950]} 1. e4 c5 2. Nf3 e6 3. d4 cxd4 4. Nxd4 Nc6 5. Nb5 d6 6. c4 Nf6 7. N1c3 a6 8. Na3 Be7 9. Be2 b6 10. Be3 {was the old line (10.0-0).} O-O 11. O-O Bb7 12. Qb3 {B44: Sicilian: Taimanov: 5 Nb5.} Ne5 {[%cal Bc6e5,Be5g6,Bg6h4][%mdl 32]} 13. f4 Ng6 14. Bf3 {e5 is the strong threat.The position is equal.} Nh4 $1 {[#]} 15. Bxb6 $146 ({Predecessor:} 15. Qxb6 Qxb6 16. Bxb6 Nxf3+ 17. gxf3 d5 18. cxd5 exd5 19. e5 Nh5 20. f5 Nf4 21. Rad1 {½-½ (92) Priyadharshan,K (2462)-Kavutskiy,K (2349) Saint Louis 2015}) 15... Qd7 16. Qc2 Nxf3+ 17. gxf3 Rab8 18. Bd4 Nh5 {[%mdl 1024] Black has compensation.} 19. Ne2 (19. Be3 $11) 19... Rbc8 20. Qd3 (20. Rad1 $17 {was called for.}) 20... f5 $19 21. e5 Rfd8 (21... dxe5 $19 22. fxe5 g5) 22. Nc2 {[#]} (22. Qb3 $17) 22... Nxf4 $1 {[%mdl 576] Remove Defender} 23. Nxf4 dxe5 24. Bxe5 {Strongly threatening Qxd7.} Qxd3 25. Nxd3 Rxd3 26. Rfd1 Rcd8 ({And not} 26... Rxf3 27. Rd7 $11) 27. Rxd3 Rxd3 28. Kf1 (28. b4 $142) 28... Rd2 (28... Bxf3 29. Ne1 $17) (28... Rxf3+ $19 {and Black stays clearly on top.} 29. Ke2 Rh3) 29. Nd4 $17 f4 ({Not} 29... Rxb2 30. Nxf5 $1 exf5 31. Bxb2 $14) 30. Re1 Rxh2 ({Reject} 30... Rxb2 $6 31. Nf5 $11) 31. Bxf4 Rxb2 32. Rxe6 Bf6 33. Be5 {[#]} Bc8 $1 {[%cal Rc8e6]} 34. Re8+ Kf7 35. Rxc8 {Hoping for Bxf6.} Bxe5 {[%mdl 4096] Endgame KRB-KRN} 36. Nc6 Bg3 37. a4 {[#]} (37. Rh8 $17) 37... h5 $1 $19 38. Nd4 Rf2+ 39. Kg1 h4 40. Rh8 Kg6 41. c5 Rd2 42. Ne6 Rc2 (42... Kf6 $19 {has better winning chances.} 43. Nd8 Bf2+ 44. Kf1 Bxc5) 43. f4 $2 {[%mdl 8192]} (43. Rf8 $17 {nothing else works.}) 43... Kf6 44. f5 (44. Nc7 $142 Rxc5 45. Nxa6) 44... Rc1+ 45. Kg2 Kxf5 46. Nd4+ Kg4 47. c6 Rc4 48. Ne2 Rxc6 49. a5 g5 50. Rd8 Rc2 51. Rd4+ Bf4 52. Re4 Ra2 {Weighted Error Value: White=1.02/Black=0.10} 0-1